[Event "Corus-B"]
[Site "Wijk aan Zee"]
[Date "2004.01.20"]
[Round "9"]
[White "Naiditsch, Arkadij"]
[Black "Zhu, Chen"]
[Result "0-1"]
[WhiteElo "2576"]
[BlackElo "2495"]
[Annotator "Ribli,Z"]
[PlyCount "94"]
[EventDate "2004.01.10"]
[EventType "tourn"]
[EventRounds "13"]
[EventCountry "NED"]
[EventCategory "13"]
[SourceTitle "CBM 099"]
[Source "ChessBase"]
[SourceDate "2004.03.30"]
[SourceVersion "1"]
[SourceVersionDate "2004.03.30"]
[SourceQuality "1"]

1. e4 c5 2. Nf3 e6 3. d4 cxd4 4. Nxd4 Nc6 5. Nc3 Qc7 6. f4 Nxd4 {Schwarz
tauscht das Springerpaar von selbst, wonach die weiße Dame auf d4 exponiert
steht. Die Alternative 6...a6 kommt auch in Betracht.} 7. Qxd4 a6 8. a4 {
Dieser Zug ist sehr populär in der letzten Zeit - die traditionelle
Fortsetzung ist 8.Be2 b5 9.Be3 Bb7, wonach Weiß entweder kurz oder lang
rochieren kann. Mit dem Textzug verhindert Schwarz die gewöhnliche Möglichkeit
8...b7-b5.} b6 (8... Ne7 9. Be3 Nc6 10. Qb6 Qxb6 11. Bxb6 Bb4 12. O-O-O d6 13.
h4 Bd7 14. Rh3 Ne7 15. Rhd3 Bc6 16. Rd4 Bxc3 17. bxc3 O-O 18. a5 d5 {1/2-1/2
Luther,T-Kotronias,V/Catalan Bay ENG 2003/(24)}) (8... Nf6 9. Be3 Ng4 10. Bd2 (
10. Qb6 Bd6 11. Qxc7 Bxc7 12. Bd2 d6 13. Bd3 Bd7 14. a5 Bc6 15. b4 O-O {
1/2-1/2 Adams,M-Lutz,C/Cologne GER 2003/(22)}) 10... Qc5 11. Qxc5 Bxc5 12. Bd3
Nf2 13. Rf1 Nxd3+ 14. cxd3 d6 15. a5 Bd7 16. Na4 Bb5 {1/2-1/2 Luther,T-Lutz,C/
Besancon FRA 2003/(25)}) 9. Be3 Bb7 $146 {[%mdl 4] Das ist die Pointe des
schwarzen Spiels! Zhu Chen verteidigt nicht den b6-Bauern, sondern strebt nach
Gegenspiel gegen e4.} (9... Rb8 10. Be2 d6 11. Rd1 Nf6 12. O-O Be7 13. e5 dxe5
14. Qxe5 Qxe5 15. fxe5 Nd7 16. Ne4 {1/2-1/2 Fries Nielsen,J-Cramling,P/Sweden
2000/EXT 2002 (16)}) 10. Qxb6 (10. Bd3 Nf6 11. Qxb6 (11. e5 Bc5 12. Qc4 d5 13.
exd6 Qxd6 14. Bxc5 bxc5 $15) 11... Qxb6 12. Bxb6 Bb4 $132) (10. Rd1 Nf6 11. e5
Nd5 (11... Bc5 12. Qd3 Bxe3 13. Qxe3 Nd5 14. Nxd5 Bxd5 $11) 12. Nxd5 Bxd5 $11)
10... Qxb6 11. Bxb6 Bb4 {[%csl Re4][%cal Gg8f6,Gf6e4]} 12. Bd4 Nf6 $132 {
Der e4P ist schwach, das gibt Schwarz Gegenspiel.} 13. O-O-O (13. e5 Nd5 14.
O-O-O Nxf4 $132) (13. Bxf6 gxf6 14. Bd3 Rg8 $132) 13... Bxc3 14. Bxc3 Bxe4 {
[%csl Ge4] Die Stellung ist materiell gleich und obwohl Weiß das Läuferpaar
hat, steht Schwarz besser, weil sein weißfarbiger Läufer sehr aktiv ist.} 15.
Rg1 (15. Rd6 Bc6 $132 {[%cal Gc6a4,Gf6e4,Ge4d6,Ge4c3]}) 15... Nd5 $1 {[%mdl
2048] Schwarz opfert zeitweilig seinen g7-Bauern und strebt nach aktivem
Figurenspiel.} (15... d5 16. g4 $14) 16. Bxg7 (16. Bd2 Rc8 17. c3 Rc6 $15)
16... Rg8 17. Bd4 (17. Bh6 Rg6 (17... Ne3 18. Re1 Nxf1 19. Rexf1 Rc8 $11) 18.
Bg5 f6 19. Bh4 Nxf4 $11) 17... Nxf4 18. g3 Nd5 19. Rd2 (19. c4 Nb4 $36) 19...
d6 {Nach diesem Zug muss Weiß immer mit e6-e5 rechnen.} 20. b3 Ke7 21. Bb2 f5 {
[%csl Gd5,Gd6,Ge4,Ge6,Gf5] Schwarz verstärkt seine e4-Läuferstellung, um
später seine Bauernmasse im Zentrum zu mobilisieren.} 22. Ba3 Rgc8 23. Bc4 (23.
c4 Rc6 $15) 23... Rc6 24. Bd3 Rb8 $15 {[%csl Gb8,Gc6,Gd5,Ge4][%cal Gb8b3,Gc6c1]
Es droht 25...Rxb3 mit Bauerngewinn. Schwarz hat ausgezeichnetes Figurenspiel,
da es für Weiß nicht leicht ist, Ansatz für Gegenspiel zu finden.} 25. Kb2 (25.
Bxe4 fxe4 26. Kb2 e3 $15) 25... Ne3 (25... Bxd3 $1 26. Rxd3 h5 $17) 26. Re1 (
26. Bxe4 fxe4 27. Re2 Nc4+ 28. Ka2 Nxa3 29. Kxa3 d5 $15) 26... Bxd3 27. Rxe3 (
27. cxd3 Nd5 28. Rde2 Nc7 29. d4 {[%cal Gd4d5,Ge1e7]} Kd7 30. d5 Nxd5 31. Rxe6
Rcb6 $15) 27... Be4 28. g4 Kf7 (28... Kd7 29. gxf5 Bxf5 30. c4 $11) 29. gxf5
Bxf5 30. Rg3 $6 (30. Bxd6 $2 Rd8 31. Bb4 Rxd2 32. Bxd2 Rxc2+ $19) (30. c4 $1
$11) 30... d5 31. Rdg2 $6 (31. Rc3 Rxc3 32. Kxc3 Rc8+ 33. Kb2 Kf6 $15 (33... e5
34. Rxd5 Rxc2+ 35. Ka1 Re2 $15)) 31... Kf6 32. Kc1 d4 33. Bb2 e5 {[%csl Gd4,
Ge5]} 34. Rf2 Rbc8 $17 {[%csl Rc2][%cal Rc8c1] Es gibt ungleichfarbige Läufer
auf dem Brett, was gewöhnlich die Remischancen des Verteidigers erhöht. Aber
hier steht der weiße Läufer sehr passiv, während der f5B auf dem Brett
dominiert.} 35. Rgg2 Ke6 {Der schwarze König zieht aus der Fesselung - jetzt
droht 36...Be4 mit sofortigem Gewinn.} 36. Re2 Kd5 37. b4 $2 {Mit diesem Zug
schwächt Weiß von selbst seine Bauernstellung am Damenflügel.} (37. Rd2 $142
$17) 37... Bd3 38. Rd2 Be4 39. Rgf2 (39. Rge2 Rc4 $19) 39... Rc4 {[%csl Ra4,
Rb4][%cal Rc4a4]} 40. b5 (40. Ba3 a5 41. bxa5 Rxa4 $19) 40... Rxa4 (40... axb5
41. axb5 Rb4 $19) 41. b6 Rc6 42. b7 Rb6 43. Rf7 Bg6 (43... Ke6 $6 44. Rdf2 $132
) 44. Re7 (44. Rg7) 44... Kd6 45. Rg7 Ra2 $19 {[%csl Rb2]} 46. Bc3 (46. c3 Ra1+
47. Bxa1 Rb1#) 46... Ke6 47. Rg2 Kf6 (47... dxc3 $4 48. R2xg6+ $1 (48. R7xg6+
$18) 48... hxg6 49. Rxg6+ Kd7 50. Rxb6 Ra1+ 51. Rb1 Rxb1+ 52. Kxb1 Kc7 53. h4
$18) 0-1

[Event "New York CITS"]
[Site "New York"]
[Date "1996.??.??"]
[Round "10"]
[White "Waitzkin, Joshua"]
[Black "Benjamin, Joel"]
[Result "1/2-1/2"]
[WhiteElo "2435"]
[BlackElo "2570"]
[Annotator "Ribli,Z"]
[PlyCount "125"]
[EventDate "1996.03.??"]
[EventType "tourn"]
[EventRounds "11"]
[EventCountry "USA"]
[EventCategory "13"]
[SourceTitle "CBM 052"]
[Source "ChessBase"]
[SourceDate "1996.06.01"]
[SourceVersion "1"]
[SourceVersionDate "1996.06.01"]
[SourceQuality "1"]

1. e4 c5 2. Nf3 Nc6 3. d4 cxd4 4. Nxd4 e6 5. Nc3 Qc7 6. Be2 a6 7. O-O b5 (7...
Nf6 $5) 8. Nxc6 dxc6 9. a4 (9. Be3 Bb7 10. a4 Rd8 11. Qe1 Be7 12. f4 b4 13. Nd1
Nf6 $10 {Huebner,R-Leko,P/Wijk/1996/CBM51/INF65,186/}) 9... b4 $5 $146 {
Schwarz denkt so: Ich werde meine Damenfluegel schwächen, aber dafür bekomme
ich schnelle Entwicklung und gutes Figurenspiel.} (9... Bb7 $2 10. axb5 cxb5
11. Nxb5 axb5 12. Bxb5+ Ke7 13. Rxa8 Bxa8 14. Qd4 $18 {Wang Zili-Mortensen,E/
Copenhagen K41/1995/CBM48/}) (9... Rb8 10. f4 Bb7 11. Kh1 (11. Bd3 $5) 11...
Rd8 12. Qe1 Be7 $13 {Braga,F-Karpov,A/Dubai ol/1986/INF42,209/}) 10. Nb1 Nf6
11. Bd3 Bc5 $5 {Der Nachziehende will Be3,Nd2,Nc4 >< b6 verhindern.} 12. c3
bxc3 13. Nxc3 a5 14. Qe2 e5 {Wenn jemand diese Stellung sieht, dann er wird
sich nicht vorstellen, daß die Eröffnung Sizilianisch, und nicht Slawisch war.}
15. Bg5 (15. Be3 $5) 15... Bg4 $1 {Ein wichtiger Zwischenzug.} 16. Qc2 Nd7 17.
Rac1 {>< c6} O-O 18. Nd1 Rfb8 {>< b2} 19. Bd2 (19. Ne3 Be6 20. Nc4 Bd4 $13)
19... Bd4 $5 {Natuerlich will Schwarz nicht warten, bis sein Gegner in aller
Ruhe seine Stellung verstärken wird, sondern er versucht die Stellung selbst
zu verstärken.} 20. Qxc6 Qxc6 21. Rxc6 Nc5 22. Bb5 (22. Bc2 Bxd1 (22... Bd7 23.
Rc7 Bxa4 $2 24. Rxc5 $1 Bxc5 25. Bxa4 $18) 23. Rxd1 Rxb2 24. Rc1 h6 $13) 22...
Nxe4 (22... Bd7 $2 23. Rxc5 $18) 23. Be3 Bd7 {/\ Rxb5,Bxc6,Rc8} 24. Re1 Bxc6
25. Bxc6 Nc5 26. Bxd4 exd4 27. Bxa8 Rxa8 {Im Ergebnis hat die Kombination
Schwarz einen kleinen Vorteil gebracht: 1.Die weissen a-und b-Bauern sind
schwach. 2. Der d4-Bauern ist stark und engt die Möglichkeiten des weißen
Springers ein.} 28. Re5 Nd3 $1 29. Rd5 $8 (29. Rxa5 $2 Re8 $1 30. g3 g6 31. Kg2
Re1 $19) 29... Re8 30. g3 g6 31. Kg2 Re1 (31... Re2 32. Rxd4 Rd2 33. Kf1 $1
Rxd1+ 34. Ke2 Rb1 35. Kxd3 Rxb2 $10) 32. Ne3 {[#]} Re2 (32... dxe3 33. Rxd3 e2
34. Re3 $10) 33. Rxd4 Rxf2+ 34. Kg1 Rd2 35. Rd5 (35. Kf1 $5 {[#] /\ Nc4 Ich
finde für Schwarz keine besseren Züge als Zugwiederholung.} Rf2+ 36. Kg1 Rd2
37. Kf1 $10) 35... Kg7 36. b3 Ne1 $1 {Eine unangenehme Überraschung.} 37. Kf1 (
37. Rxd2 Nf3+ 38. Kf2 Nxd2 39. Ke2 Nxb3 40. Nc4 Kf6 $17) 37... Nf3 38. Rxa5
Nxh2+ 39. Ke1 Nf3+ 40. Kf1 Nh2+ {Schwarz will natürlich nicht remisieren,
sondern er will nur die Zeitnot überleben und dann nachdenken.} 41. Ke1 Nf3+
42. Kf1 Rb2 43. Rb5 Nd4 44. Rb7 (44. Rb4 Rxb3 45. Rxb3 {Wie in der Partie.} (
45. Rxd4 $2 Rxe3 $19)) 44... Rxb3 45. Rxb3 Nxb3 46. Nd5 f6 47. Ke2 Kf7 48. Kf3
Ke6 49. Ne3 Nc5 50. a5 Kd6 $5 51. g4 $5 {Der weiße Rettungsplan ist ganz klar:
Schwarz kann nur mit seinem König den a-Bauern vernichten, aber dann wird er
sich von seinem Königsfluegel entfernen. In der Zwischenzeit will Weiß die
schwarzen Bauern angreiffen.} Kc6 52. Kf4 Nd3+ 53. Ke4 Nb4 54. Nc4 Na6 55. Kf4
Nc7 56. Ke4 Kb5 57. Nb6 $1 Kxa5 58. Nd7 Ne8 59. Nf8 $1 Kb5 60. Nxh7 Kc4 61. Kf4
(61. Nf8 $1 $10) 61... Kd5 62. Nxf6+ Nxf6 63. Kg5 1/2-1/2

[Event "Ter Apel"]
[Site "Ter Apel"]
[Date "1996.??.??"]
[Round "1"]
[White "Svidler, Peter"]
[Black "Leko, Peter"]
[Result "1/2-1/2"]
[WhiteElo "2630"]
[BlackElo "2625"]
[Annotator "Ribli,Z"]
[PlyCount "42"]
[EventDate "1996.03.??"]
[EventType "tourn"]
[EventRounds "5"]
[EventCountry "NED"]
[EventCategory "15"]
[SourceTitle "CBM 053"]
[Source "ChessBase"]
[SourceDate "1996.08.01"]
[SourceVersion "1"]
[SourceVersionDate "1996.08.01"]
[SourceQuality "1"]

1. e4 c5 2. Nf3 e6 3. d4 cxd4 4. Nxd4 Nc6 5. Nc3 Qc7 6. g3 {Leko spielt selbst
auch 6.g3, sehr interessant welche Variante er spielen wird.} a6 7. Bg2 Nf6 8.
O-O Nxd4 {Der junge ungarische Grossmeister haelt die alte Fortsetzung als
beste.} (8... Bc5 $5 {Dieser Zug ist in der letzten Zeit sehr populaer
geworden.}) (8... Be7) 9. Qxd4 Bc5 10. Bf4 d6 11. Qd2 h6 12. Rad1 e5 13. Be3
Ke7 14. f4 (14. Bxc5 $5 Qxc5 15. Na4 Qc6 16. f4 a5 17. Qd3 b5 18. Nc3 Be6 19.
Qxb5 $1 Qxb5 20. Nxb5 Bc4 21. Nxd6 Bxf1 22. Nf5+ $16 {Kotronias,V-Damljanovic,
B/Belgrade/1993/CBM39/INF59,(207)/}) 14... Be6 15. fxe5 dxe5 16. Nd5+ Bxd5 17.
exd5 Rhd8 18. Kh1 Bxe3 (18... Rac8 19. c4 Qd6 $13 {Short,N-Anand,V/Tilburg/
1991/CBM26/INF53,180/}) 19. Qxe3 Kf8 20. d6 (20. Rd2 Qd6 21. c4 Rac8 22. b3 b6
$13 {Georgiev,Ki-Hracek,Z/Odorheiu zt/1995/CBM47/}) 20... Rxd6 21. Qxe5 Rd7 $1
$146 {[#] Unglaublich aber wahr: der erste neue Zug ist der letzte Zug in
diesem Partie. Ribli} (21... Rc6 $6 22. Qe3 Re6 23. Qb3 Rc8 $2 24. Bh3 $16)
1/2-1/2

[Event "Olomouc After GP Mladi"]
[Site "Olomouc"]
[Date "1997.??.??"]
[Round "5"]
[White "Votava, Jan"]
[Black "Oral, Tomas"]
[Result "1-0"]
[WhiteElo "2515"]
[BlackElo "2435"]
[Annotator "Ribli,Z"]
[PlyCount "101"]
[EventDate "1997.08.05"]
[EventType "tourn"]
[EventRounds "11"]
[EventCountry "CZE"]
[EventCategory "10"]
[SourceTitle "CBM 061"]
[Source "ChessBase"]
[SourceDate "1997.11.23"]
[SourceVersion "1"]
[SourceVersionDate "1997.11.23"]
[SourceQuality "1"]

1. e4 c5 2. Nf3 Nc6 3. d4 cxd4 4. Nxd4 Qc7 5. Nc3 e6 6. g3 a6 7. Bg2 Nf6 8. O-O
Bc5 {Eine in letzter Zeit häufig gewählte Fortsetzung.Ribli.} 9. Bf4 (9. Nxc6)
(9. Nb3) 9... Ne5 (9... e5 $5) 10. Bxe5 {Eine seltene Fortsetzung. Weiß gibt
sein Läuferpaar für aktives Spiel im Zentrum.} (10. Na4 Ba7 11. c4 d6 12. Rc1
Bd7) 10... Qxe5 11. Nf3 Qc7 (11... Qh5 12. e5 Ng4 13. Qe2 $14) 12. e5 Ng4 13.
Qe2 f6 $146 (13... f5 14. Na4 Ba7 15. h3 Nh6 16. c4 b5 17. cxb5 axb5 18. Nc3
Qc4 19. Qxc4 bxc4 20. Nb5 Bb8 21. Rfc1 Ke7 22. Nd2 Bxe5 23. Bxa8 Bxb2 24. Rab1
Bxc1 25. Rxc1 d5 26. Re1 {Muhutdinov,M-Miezis,N/Moscow3 1992/EXT 92/1-0 (103)})
(13... d6 $5 14. exd6 (14. Nd5 Qd8 $11 (14... exd5 $4 15. exd6+ $18)) 14...
Bxd6 $11 15. Nd5 (15. Ne4 Be7 {Weiß besitzt Entwicklungsvorteil, aber Schwarz
kann ohne Bedenken mit 16...0-0 fortsetzen - er hat keine Schwachpunkte und
das Läuferpaar.}) 15... Qc5 (15... Qd8)) 14. exf6 Nxf6 15. Ne4 Be7 (15... Nxe4
16. Qxe4 O-O 17. Ng5 (17. Rad1) 17... Rf5 $13 18. h4 Qxg3 $17) 16. Nxf6+ Bxf6
17. c3 $14 {Der weiße Plan ist klar: Rad1 und Rfe1 mit starkem Druck auf die
hängenden schwarzen Bauern. Zudem ist noch nicht zu sehen, wie der Bc8
entwickelt werden soll.} O-O 18. Rad1 Rb8 19. Nd2 {[%cal Gd2e4] Weiß bereitet
20.Ne4 vor. Hier steht der Springer sehr gut, er provoziert den Bauernzug
d7-d5 und damit eine neue Schwäche auf e5.} b5 20. Ne4 Be7 (20... Bb7 $5 21.
Nxf6+ (21. Rfe1 $14 Bxe4 22. Bxe4) (21. Rd3 {Mit darauffolgender
Turmverdopplung auf der d-Linie.}) 21... Rxf6) 21. h4 {Weiß gewinnt Raum am
Königsflügel und bereitet das mögliche Ng5 vor.} a5 22. Rd2 h6 $6 {Dieser Zug
gefällt mir nicht, weil er die schwarze Königsstellung schwächt. Es ist
bemerkenswert, daß Weiß mit seinem Bg2 die weißen Felder kontrolliert und
zudem eine Angriffsstellung mit seinen Bauern auf den schwarzen Feldern
aufbauen kann.} (22... d5 $5 23. Ng5 Bxg5 24. hxg5 b4) 23. f4 Qc4 (23... d5 24.
Nf2 {[%csl Re5][%cal Gf2g4,Gg4e5,Gf2d3,Gd3e5]}) 24. Qh5 (24. Qxc4 $2 bxc4 {
[%csl Rb2][%cal Gb8b2]}) 24... d5 {[%csl Gh5]} 25. Nf2 (25. Qe5 Bd7) 25... Qc7
{Schwarz verhindert 26.Rxd5.} (25... Qxa2 26. Ng4 $40 {[%csl Rg8]}) 26. Ng4 $40
{Der weiße Springer zielt nicht nur nach e5, sondern droht auch Nxh6 mit
Dauerschach oder mehr.} b4 (26... Bc5+ 27. Kh2 b4) 27. Kh2 $1 {Ein guter
profilaktischer Zug, der alle Drohungen auf der Diagonalen a7-g1 beseitigt.}
Rb6 {Schwarz verteidigt die sechste Reihe.Ribli.} (27... bxc3 28. Nxh6+ gxh6
29. Qg6+ Kh8 30. Qxh6+ Kg8 31. Qg6+ Kh8 32. Rxd5 exd5 (32... Rf5 33. Rxf5 exf5
34. Qh6+ Kg8 35. Bd5+ $18) 33. Qh6+ Kg8 34. Bxd5+ Rf7 35. Qg6+ Kh8 36. Qxf7
Rxb2+ (36... Bb7) 37. Kh1 Qd8 38. Be4 Qg8 39. Qxe7 $16) 28. c4 $5 {Mit diesem
Bauernopfer öffnet Weiß die d-Linie und die Diagonale b1-h7 für seinen Läufer.}
(28. Nxh6+ gxh6 29. Qg6+ Kh8 30. Qxh6+ $11) 28... dxc4 (28... Qxc4 29. Rxd5
exd5 (29... Qxa2 $2 30. Nxh6+ gxh6 31. Qg6+ Kh8 32. Qxh6+ Kg8 33. Qg6+ Kh8 34.
Rh5#) 30. Bxd5+ $16) 29. Be4 {[%csl Ge4,Rg8][%cal Ge4h7]} e5 {[%cal Gb6h6] Die
einzige Chance für Schwarz besteht darin, seine Königsstellung zu verteidigen.}
30. Nxe5 {[%csl Ge4,Ge5,Rg8,Gh5]} c3 31. bxc3 bxc3 32. Rc2 {Der schwarze Pc3
ist gut blockiert, und Weiß hat starken Druck auf den weißen Feldern.} Bb7 {
Eine gute Idee von Schwarz, den gefährlichen weißen Läufer zu tauschen.} 33.
Qf3 Bxe4 34. Qxe4 Bf6 $4 (34... Rd8 35. Qc4+ Qxc4 36. Nxc4 $14 Rc6 37. Rxc3
Rdc8 38. Rfc1 Bf6 39. R3c2) 35. Qd5+ Kh7 (35... Kh8 36. Ng6+ $18) 36. Nd7 Rd8 {
Diese Feßlung wäre stark, wenn es nicht dieses Zwischenschach gäbe. So gewinnt
Weiß einfach die Qualität.} 37. Qe4+ Kh8 38. Nxb6 $16 Qxb6 39. Re1 {Weiß hat
eine Qualität mehr, muß aber wegen des starken Pc2 Vorsicht walten lassen.} Qc5
(39... Rd2+ 40. Re2 $16) 40. Qg6 Qb5 (40... Qf8 {Das wäre ein allzu passives
Feld für eine Dame.} 41. Rce2 Rd2 42. Rxd2 cxd2 43. Re8 $18) 41. Rce2 Rf8 42.
Re8 Kg8 $8 43. R1e2 h5 44. Qe4 {Droht 45.Qe6 mit sofortigem Gewinn.} Rxe8 45.
Qxe8+ Qxe8 46. Rxe8+ Kf7 47. Re4 $18 {[%csl Ge4,Rf7] Das Endspiel ist für Weiß
gewonnen. Der weiße Turm schränkt die Bewegungsfreiheit des schwarzen Königs
ein.} a4 {Ein "passives" Opfer für etwas Gegenspiel.} 48. Kg2 (48. Rxa4 $6 Ke6)
48... a3 49. Kf3 Kg6 50. Rc4 Kf5 51. Rc5+ {Und Schwarz gab auf, denn der weiße
König wird nach 52.Ke4 stark, und Schwarz hat nichts für die Qualität.Ribli.}
1-0

[Event "RUS-Cup4"]
[Site "Perm"]
[Date "1997.02.10"]
[Round "3"]
[White "Kotsur, Pavel"]
[Black "Fominyh, Alexander"]
[Result "1-0"]
[WhiteElo "2480"]
[BlackElo "2545"]
[Annotator "Ribli,Z"]
[PlyCount "87"]
[EventDate "1997.02.02"]
[EventType "swiss"]
[EventRounds "9"]
[EventCountry "RUS"]
[SourceTitle "CBM 058"]
[Source "ChessBase"]
[SourceDate "1997.06.01"]
[SourceVersion "1"]
[SourceVersionDate "1997.06.01"]
[SourceQuality "1"]

1. e4 c5 2. Nf3 e6 3. d4 cxd4 4. Nxd4 Nc6 5. Nc3 Qc7 6. Be2 a6 7. O-O Bc5 {
[#] Eine seltene Fortsetzung, aber Grossmeister Fomynih hat einige
interessante Eroeffnungsideen in dieser Variante. Eine andere Idee z.B. 7...
Nf6 8.Kh1 Bc5 9.Be3 Ne7 mit originellem Kampf.Ribli.} (7... b5) (7... Nf6) 8.
Nb3 (8. Be3 {[%cal Rd4e6,Ye3c5]} Nce7 9. Qd3 Nf6 10. Nf3 Bxe3 11. Qxe3 b5 12.
Qg5 Ng6 13. e5 b4 $13 {Loskutov,O-Fominyh,A/Moscow4/1995/}) 8... Be7 {Das ist
ein typischer Zug fuer Schwarz in der Sizilianischen Verteidigung. Es scheint,
daß Schwarz ein Tempo verloren hat, aber in Wirklichkeit steht der weise
Springer auf b3 weniger aktiv als auf d4.Ribli.} 9. a4 {Gegen typische b7-b5
eingerichtet.Ribli.} Nf6 10. Be3 b6 (10... O-O $2 11. a5 $16) 11. f4 {[%csl
Ye4,Yf4] Weiss hat eine bessere Enwiklung, und er kontrolliert mehr Raum.Ribli.
} O-O (11... d6 {Aufrichtig gesagt, dieser natürliche Zug scheint mir besser
zu sein.Ribli.}) 12. Bf3 (12. e5 Ne8 {Und Schwarz kann d7-d6 spielen.Ribli.}
13. Bf3 Bb7 14. Qe2 d6 $13 {Delekta,P-Fominyh,A/Warsaw op/1992/}) 12... Rd8 $6
{Nach meiner Meinung wäre es besser mit 12...d6 fortsetzen.Ribli.} 13. Qe2 d5 {
Es ist zwar richtig, daß eine Hauptidee in der Paulsen-Aufbau darin bestehtt
d7-d6 zu verzögern, um vielleicht d7-d5 in einem Zug zu spielen, aber hier
wäre es trotzdem besser diesen Zug zu vermeiden. Jetzt bekommt Schwarz eine
isolierten Bauern auf d5, und Weiss kontrolliert das wichtige Blockadefeld d4.
Ribli.} 14. exd5 exd5 15. Rad1 Nb4 (15... Be6 16. g4 $36) 16. Kh1 $6 {Nach dem
Textzug bekommt Schwarz Aktivität. Ich glaube, es wäre vorteilhaft fuer Weiss
das folgende Läufermanover zu verhindern.Ribli.} (16. Nd4 $14 {[%csl Gd4][%cal
Gd4f5]}) 16... Bf5 $5 17. Nd4 Be4 18. Bf2 Re8 (18... Bxf3 19. Qxf3 Qd7 {
[%cal Gd7f5] Wenn Schwarz einen isolierten Bauern auf d5 hat, ist besser für
ihn - wie auch in der Partie -die dunkelfeldrigen Läufern zu behalten.Ribli.})
19. Bxe4 dxe4 20. Nxe4 Nxe4 (20... Qxf4 21. Nxf6+ Bxf6 22. Qc4 a5 23. c3 $14 {
[%csl Rb4] Und Schwarz hat Schwächen in seiner Stellung.Ribli.}) 21. Qxe4 Bf6 {
Schwarz hat einen Bauern geopfert und dafür ohne Zweifel aktives Gegenspiel.
Ribli.} 22. Qf5 Rad8 (22... Bxd4 23. Bxd4 Nxc2 24. Bxb6 (24. Be5 $5) 24... Qxb6
25. Qxc2 Rab8 $14) 23. c3 Nd5 24. Bg1 h6 {Schwarz hat gutes Figurenspiel, aber
hier wohl etwas wenig Kompensation. Mit guter Technik hat Weiß Chancen seinen
Materialvorteil zu realisieren.Ribli.} 25. Qg4 Kh7 26. Qf3 Kh8 27. Nf5 $1 {
[%csl Rd5,Gf5]} Ne7 28. Ne3 $1 {[%cal Ye3g4,Yg4f6] Der Springer zielt auf g4,
wonach er die gefährlichste schwarze Figur tauschen kann.Ribli.} b5 29. axb5
axb5 30. Ng4 Ng8 31. Nxf6 Nxf6 32. Bd4 $1 {[%csl Gd4][%cal Rd4g7] Weiss kann
zufrieden sein. Er hat einen gesunden Bauern mehr am Damenflügel, weil sein
Läufer auf d4 das ganze Brett kontrolliert.Ribli.} Ne4 $2 (32... Re6) 33. Qh5
$1 {[%cal Rh5h6,Rh5b5] Droht 34.Qxh6.Ribli.} f6 34. Qxb5 {Nach dem Gewinn
eines zweiten Bauern hat Weiß deutlichen Vorteil. Schwarz kann sich keine
Hoffnung mehr machen.Ribli.} Rb8 35. Qh5 Qc4 36. Rfe1 Re7 37. Kg1 $2 {Ich kann
diesen Zug nicht verstehen. Möglicherweise waren beide Spieler - wie gewönlich
im 37.Zug. - in großer Zeitnot.Ribli.} Rbe8 $2 (37... Rxb2 $5 {Was kann
Schwarz verlieren?Ribli.} 38. Bxf6 $2 Nxf6 39. Rd8+ Ng8 40. Rxe7 Rb1+ $19) 38.
f5 Qd5 39. Rc1 $6 (39. Re3 {Dieser Zug scheint mir natuerlicher.Ribli.}) 39...
Kg8 40. Qg4 Kf8 41. b4 Kf7 42. h3 {Weiss hat gute Gewinnchancen, da sein
b-Bauer stark ist, aber Schwarz hat noch einen guten Stützpunkt für seinen
Springer; und nur mit dem b-Bauer es ist nicht leicht zu gewinnen, weil die
schwarzen Figuren gut zentralisiert sind.Ribli.} Kg8 43. Qf4 Kh7 44. Kh2 {
Schwarz gab in dieser schweren Stellung auf, aber das ist meiner Meinung nach
ein bißchen zu früh.Ribli.} 1-0